TRANSLATING CASTE (Record no. 7750)

MARC details
000 -LEADER
fixed length control field 00317nam a2200133Ia 4500
008 - FIXED-LENGTH DATA ELEMENTS--GENERAL INFORMATION
fixed length control field 240624s9999 xx 000 0 und d
041 ## - LANGUAGE CODE
Language code of text/sound track or separate title eng
082 ## - DEWEY DECIMAL CLASSIFICATION NUMBER
Classification number 823 BAS
100 ## - MAIN ENTRY--PERSONAL NAME
Personal name BASU TAPAN
245 ## - TITLE STATEMENT
Title TRANSLATING CASTE
260 ## - PUBLICATION, DISTRIBUTION, ETC.
Date of publication, distribution, etc. 2002
Place of publication, distribution, etc. New Delhi
Name of publisher, distributor, etc. Katha
300 ## - PHYSICAL DESCRIPTION
Extent xxxv, : 262 : p. : cm. ; 22
365 ## - TRADE PRICE
Currency code RS
Price amount 75
Holdings
Withdrawn status Lost status Damaged status Not for loan Home library Current library Shelving location Date acquired Source of acquisition Cost, normal purchase price Full call number Barcode Date last seen Copy number Price effective from Koha item type
        IMTN IMTN Rack 39-A 12/17/2007 OSY 295.00 823 BAS 7750 06/24/2024 1 06/24/2024 Books
Designed & Maintained by: LRC IMT Nagpur Contact: lrc@imtnag.ac.in© 2024. All Rights Reserved.